000 00210nam a22000857a 4500
008 161124b xxu||||| |||| 00| 0 eng d
100 _91353
_aPyle.C.
245 _aIndooe and Outdoor Games-6
260 _aUSA
_bTCR
_c2011
999 _c4067
_d4067